| 000 | 00599 a2200193 4500 | ||
|---|---|---|---|
| 020 | _a0534408443 | ||
| 020 | _a0534409490 | ||
| 020 | _a053440846X | ||
| 040 |
_aDLC _bDLC |
||
| 100 | 1 | _aSerway, Raymond A. | |
| 245 | 1 | 0 |
_aPhysics for scientists and engineers, with modern physics _bRaymond A. Serway, John W. Jewett, Jr |
| 250 | _a6th ed. | ||
| 260 |
_aBelmont, CA : _bThomson-Brooks/Cole, _cc2004. |
||
| 300 |
_a2 v. xxiii, 1552, 64, 4, 28 p. : _bill. (some col.), col. map ; _c29 cm. |
||
| 500 | _aIncludes index. | ||
| 650 | 0 | _aPhysics. | |
| 700 | 1 | _aJewett, John W. | |
| 942 |
_cBK _k530 SER _2ddc |
||
| 999 |
_c4478 _d4478 |
||